Schnelle Mathematik - Multiplikation zur Basis 8 Level 04 - Statistiken

Allgemein
  • Dieses Quiz wurde 39 mal gespielt
  • Das Durchschnittsergebnis liegt bei 12 aus 20
Antwortstatistiken
Frage Antwort % Korrekt
0⋅0 0
100%
0⋅1 0
100%
0⋅2 0
100%
1⋅1 1
100%
2⋅4 10
100%
5⋅2 12
100%
4⋅4 20
100%
3⋅1 3
100%
5⋅5 31
100%
5⋅6 36
100%
2⋅3 6
100%
0⋅5 0
75%
4⋅0 0
75%
5⋅0 0
75%
6⋅0 0
75%
0⋅3 0
67%
0⋅6 0
67%
3⋅0 0
67%
2⋅6 14
67%
4⋅3 14
67%
1⋅2 2
67%
3⋅2 6
67%
2⋅0 0
60%
5⋅3 17
60%
1⋅0 0
50%
4⋅2 10
50%
3⋅3 11
50%
3⋅5 17
50%
2⋅1 2
50%
4⋅5 24
50%
1⋅3 3
50%
6⋅4 30
50%
6⋅5 36
50%
1⋅4 4
50%
2⋅2 4
50%
6⋅6 44
50%
1⋅5 5
50%
1⋅6 6
50%
6⋅1 6
50%
3⋅6 22
40%
5⋅4 24
33%
6⋅2 14
25%
0⋅4 0
0%
2⋅5 12
0%
3⋅4 14
0%
6⋅3 22
0%
4⋅6 30
0%
4⋅1 4
0%
5⋅1 5
0%
Keine übereinstimmenden Quizze gefunden
Verteilung der Resultate
Anzahl Personen mit jedem Resultat
Perzentil nach korrekt beantworteten Fragen
Ihre Resultats-Entwicklung
Sie haben dieses Quiz noch nicht gespielt